| 000 | 00490nam a2200157Ia 4500 | ||
|---|---|---|---|
| 999 |
_c19950 _d19950 |
||
| 003 | OSt | ||
| 005 | 20200616131910.0 | ||
| 008 | 190216s9999||||xx |||||||||||||| ||und|| | ||
| 040 | _coclc | ||
| 082 |
_a307.720954 _bETI/I |
||
| 100 |
_aEtienne, Gilbert _92986 |
||
| 245 | 0 |
_aIndia`s Changing Rural Scene 1963 - 1979 / _cGilbert Etienne |
|
| 260 |
_bOxford University Press, _c1984. _aDelhi: |
||
| 300 | _a231p | ||
| 942 |
_cBK _2ddc _h307.720954 _iETI/I _k307.720954 _mETI/I |
||